| 000 | 01214cam a22003011 4500 | ||
|---|---|---|---|
| 001 | gs 63000207 | ||
| 003 | DLC | ||
| 005 | 20260227111412.0 | ||
| 008 | 770317s1963 dcuab b f000 0 eng c | ||
| 010 | _ags 63000207 | ||
| 040 |
_aU.S. Geol. Survey. Libr. _cak _dDLC |
||
| 043 | _an-us-ak | ||
| 050 | 0 | 0 |
_aTC801 _b.U2 no. 1590 |
| 051 |
_aGB1025.A3 _bC4 _cCopy 2. |
||
| 100 | 1 |
_aCederstrom, D. J. _q(Dagfin John), _d1908-1997. |
|
| 245 | 1 | 0 | _aGround-water resources of the Fairbanks area, Alaska. |
| 260 |
_aWashington : _bU.S. Govt. Print. Off., _c1963. |
||
| 300 |
_aiv, 84 p. : _billus., maps (part fold. in pocket), diagrs., tables ; _c24 cm. |
||
| 490 | 1 |
_aUnited States. Geological Survey. Water-supply paper _v1590 |
|
| 501 |
_aTC801.U2 no. 1590 with : Ground-water geology of Bexar County, Texas. Washington : U. S. Govt. Print. Off., 1963. Bound together subsequent to publication. _5DLC |
||
| 504 | _aBibliography: p. 54-55. | ||
| 650 | 0 |
_aGroundwater _zAlaska _zFairbanks Region. |
|
| 650 | 0 |
_aWater-supply _zAlaska _zFairbanks Region. |
|
| 650 | 0 |
_aWater _xComposition. |
|
| 650 | 0 |
_aBorings _zAlaska _zFairbanks Region. |
|
| 830 | 0 |
_aGeological Survey water-supply paper ; _v1590. |
|
| 999 |
_c29710 _d29710 |
||